000 00392nam a2200169Ia 4500
001 24644
005 20260414151057.0
008 260414t2005||||xx |||||||||||||| ||spa||
041 _aESP
082 _a345.721
_bC48
100 _aCerini, Silvana María
_eAUT
245 0 _aEl poder de la negociación
_b
260 _c2005
650 _aDER
654 _aCDE
942 _cLIB
_dJUS
_fJUS
_2ddc
_n
999 _c24644
_d24644